Devine la ville - France n°2 - Statistiques

Statistiques générales
  • Ce quiz a été pris 328 fois
  • Le résultat moyen est 8 sur 15
Statistiques - réponses
Question Réponse % Correct
Connu pour son arène de l’époque romaine Nîmes
84%
Abrite le gouvernement français entre 1940 et 1944 Vichy
83%
Ville de 147 712 habitants et limitrophe de Lyon Villeurbanne
73%
Autrefois une enclave en France appartenant au pape Avignon
68%
Donne son nom aux accords pour mettre fin a la guerre d'Algérie Evian
59%
Capitale de la construction navale en France Saint-Nazaire
58%
Base de lancement des fusées Ariane 5 Kourou
55%
Possède un aéroport partagé avec Bâle et Fribourg Mulhouse
54%
Relié à la ville de Honfleur par le Pont de Normandie Le Havre
49%
Chef lieu de la Dordogne Périgueux
48%
Nicolas Sarkozy fut maire de cette ville Neuilly sur seine
47%
On peut y trouver la basilique où sont enterré les rois de France Saint-Denis
41%
C'est dans la forêt qui porte le même nom que fut signé l'armistice de 1918 Compiègne
24%
Lieu de naissance de Gustave Eiffel Dijon
9%
Accès principal au Mont Ventoux Malaucène
6%
Aucun quiz correspondant
Distribution des résultats
% des personnes avec chaque résultat
Percentile par nombre de réponses
Votre historique - résultats
Vous n’avez pas pris ce quiz